000 00218nam a2200085Ia 4500
942 _cBK
245 0 _aTHE HEATH HANDBOOK (THIRTEENTH EDITION)
100 _aGERALD P. MULDERIG
008 210804s9999 xx 000 0 und d
999 _c41343
_d41342